| 000 | 00685nam a2200181 a 4500 | ||
|---|---|---|---|
| 003 | 0 | ||
| 005 | 20250319102205.0 | ||
| 008 | 080924s19uu xx 00 eng d | ||
| 050 |
_aPHS BF 637.P36 _b.D37 2008 |
||
| 100 | _ade los Trinos, Nicole M. | ||
| 245 |
_aEffects of peer pressure to the choice of music of fourth year students / _cNicole M. delos Trinos. |
||
| 260 |
_aLas PiƱas City, Philippines : _bSouthville International School and Colleges, _c2008. |
||
| 300 |
_a36 pages : _billustrations ; _c28 cm. |
||
| 504 | _aIncludes bibliographical references. | ||
| 650 | _aPeer pressure in adolescence. | ||
| 650 |
_aMusic preferences _xPsychological aspects. |
||
| 942 |
_2lcc _cPASS |
||
| 999 |
_c98088 _d98088 |
||